ბათუმის შოთა რუსთაველის სახელმწიფო უნივერსიტეტის ბიბლიოთეკა

საცნობო-ბიბლიოგრაფიული და საინფორმაციული მუშაობა ბიბლიოთეკების ქსელის ცენტრალიზაციის პირობებში (მეთოდური წერილები) (ბიბ.ჩანაწერი № 52838)

000 -LEADER
fixed length control field 01136nam a2200217Ia 4500
001 - CONTROL NUMBER
control field 19868
003 - CONTROL NUMBER IDENTIFIER
control field GE_BSU
008 - FIXED-LENGTH DATA ELEMENTS--GENERAL INFORMATION
fixed length control field 181216s||||||||xx |||||||||||||| ||und||
040 ## - CATALOGING SOURCE
Transcribing agency GE_BSU
080 ## - UNIVERSAL DECIMAL CLASSIFICATION NUMBER
Universal Decimal Classification number 02
245 ## - TITLE STATEMENT
Title საცნობო-ბიბლიოგრაფიული და საინფორმაციული მუშაობა ბიბლიოთეკების ქსელის ცენტრალიზაციის პირობებში (მეთოდური წერილები)
245 ## - TITLE STATEMENT
Statement of responsibility, etc. შემდგ. ზ. მიშელაძე. რედ. გ. ბერულავა
260 ## - PUBLICATION, DISTRIBUTION, ETC.
Place of publication, distribution, etc. თბილისი
260 ## - PUBLICATION, DISTRIBUTION, ETC.
Date of publication, distribution, etc. 1979
300 ## - PHYSICAL DESCRIPTION
Extent 48გვ.
653 ## - INDEX TERM--UNCONTROLLED
Uncontrolled term ბიბლიოთეკარი
653 ## - INDEX TERM--UNCONTROLLED
Uncontrolled term საცნობო-ბიბლიოგრაფიული და საინფორმაციული მუშაობა ბიბლიოთეკების ქსელის ცენტრალიზაციის პირობებში
653 ## - INDEX TERM--UNCONTROLLED
Uncontrolled term ქსეროქსი
942 ## - ADDED ENTRY ELEMENTS (KOHA)
Koha item type წიგნი
ეგზემპლარები
Withdrawn status Lost status Damaged status Not for loan Date acquired Barcode Date last seen Price effective from Koha item type Public note
        2018-12-17 00415 2018-12-17 2018-12-17 წიგნი ქსეროქსი